Arca Discography - Statistics

General Stats
  • This quiz has been taken 55 times
  • The average score is 17 of 21
Answer Stats
Year Name % Correct
2022 Kick
100%
2020 KiCk i
100%
2021 KICK ii
100%
2021 KicK iii
100%
2021 kick iiii
100%
2021 kiCK iiiii
100%
2017 Arca
95%
2015 Mutant
93%
2014 Xen
86%
2012 Stretch 2
84%
2012 Stretch 1
82%
2020 Arroba
77%
2020 Arroba
77%
2013 Ampersand
73%
2016 Entrañas
73%
2016 Entrañas
73%
2021 Madre
64%
2020 Riquiquí;Bronze-Instances(1-100)
57%
2015 Sheep
55%
2012 Baron Libre
39%
2011 Baron Foyel
34%
No matching quizzes found
Score Distribution
Percent of People with Each Score
Percentile by Number Answered
Your Score History
You have not taken this quiz